Transducers for automation / (Record no. 183761)
[ view plain ]
| 000 -LEADER | |
|---|---|
| fixed length control field | 00888 a2200205 4500 |
| 003 - CONTROL NUMBER IDENTIFIER | |
| control field | Nust |
| 005 - DATE AND TIME OF LATEST TRANSACTION | |
| control field | 20230102115351.0 |
| 010 ## - LIBRARY OF CONGRESS CONTROL NUMBER | |
| LC control number | 86015674 |
| 020 ## - INTERNATIONAL STANDARD BOOK NUMBER | |
| International Standard Book Number | 0442237006 |
| 040 ## - CATALOGING SOURCE | |
| Transcribing agency | Nust |
| 082 00 - DEWEY DECIMAL CLASSIFICATION NUMBER | |
| Classification number | 629.8043,HOR |
| 100 1# - MAIN ENTRY--PERSONAL NAME | |
| Personal name | Hordeski, Michael F. |
| 9 (RLIN) | 106599 |
| 245 10 - TITLE STATEMENT | |
| Title | Transducers for automation / |
| Statement of responsibility, etc. | Michael Hordeski. |
| 260 ## - PUBLICATION, DISTRIBUTION, ETC. | |
| Place of publication, distribution, etc. | New York : |
| Name of publisher, distributor, etc. | Van Nostrand Reinhold Co., |
| Date of publication, distribution, etc. | c1987. |
| 300 ## - PHYSICAL DESCRIPTION | |
| Extent | xv, 301 p. : |
| Other physical details | ill. ; |
| Dimensions | 24 cm. |
| 505 ## - FORMATTED CONTENTS NOTE | |
| Formatted contents note | Introduction (Page-1), Temperature Measurement (Page-30), Pressure Transducers (Page-50), Flow Transducers (Page-71), Density and Weight Measurement (Page-93), Viscosity Measurement (Page-128), Level Measurement (Page-150), Displacement and Proximity Measurement (Page-184), Other Physical Measurements (Page-202), Automation Fundamentals (Page-241). |
| 650 #0 - SUBJECT ADDED ENTRY--TOPICAL TERM | |
| Topical term or geographic name entry element | Automatic control. |
| 650 #0 - SUBJECT ADDED ENTRY--TOPICAL TERM | |
| Topical term or geographic name entry element | Transducers. |
| 9 (RLIN) | 65718 |
| 942 ## - ADDED ENTRY ELEMENTS (KOHA) | |
| Source of classification or shelving scheme | |
| Koha item type | Book |
| Withdrawn status | Lost status | Source of classification or shelving scheme | Damaged status | Not for loan | Permanent Location | Current Location | Shelving location | Date acquired | Full call number | Barcode | Date last seen | Price effective from | Koha item type | Public note |
|---|---|---|---|---|---|---|---|---|---|---|---|---|---|---|
| Military College of Signals (MCS) | Military College of Signals (MCS) | General Stacks | 12/12/2016 | 629.8043,HOR | MCS21584 | 12/08/2016 | 12/12/2016 | Book | Almirah No.41, Shelf No.5 |
